000 00280nam a2200133Ia 4500
100 _aRajaraman/V
942 _cBK
654 _acomputer
245 _aFundamentals of Computer
260 _bPrentice Hall
_aNew Delhi
_c1986
300 _a288
546 _aENGLISH
999 _c28499
_d28499